000 00814nam a22002657a 4500
003 UA-OsUOA
001 32449
007 ta
008 20050202b un ||||| |||| 00| 0 ukr d
100 _aАгбаш В. Л.
700 _aЕлизарова В. Ф.
700 _aКоваленко З. И.
090 _a339.166
_bА23
942 _cBK
040 _aUA-OsUOA
_brus
_cUA-OsUOA
_dUA-OsUOA
245 _aТовароведение непродовольственных товаров
_bучебник для экон. фак. торг. вузов
300 _a440 с.
955 _a2
041 _arus
080 _a339.166
260 _aМосква
_bЭкономика
_c1983
044 _aRU
650 7 _a339.1 Загальні питання торгівлі. Ринок
_2UDC
999 _c318893
_d318893